Spirits, heroes & hunters from North American Indian mythology /

A collection of American Indian myths and legends illustrating the customs and values of the traditional Indian way of life.

Bibliographic Details
Main Author: Wood, Marion
Other Authors: Sibbick, John
Format: Book
Language:English
Published: New York : Schocken Books, 1982
Edition:1st American ed.
Series:World mythologies series.
Subjects:

MARC

Tag First Indicator Second Indicator Subfields
LEADER 00000cam a22000008a 4500
001 in00000085836
005 20151008053313.0
008 810911r1982 nyua 00110 eng
010 |a  81014572  
020 |a 0805237925 
035 |a (OCoLC)07835791 
035 |9 AAH6987AM 
039 0 |a 2  |b 3  |c 3  |d 3  |e 3 
040 |a DLC  |c DLC  |d TXA  |d UtOrBLW 
043 |a n------ 
049 |a [Curr Col] TXAM  |c [802400] 
050 0 0 |a E98 F6  |b  W83 1982 
082 0 |a 398.2/08997  |a 398.2  |2 19 
100 1 |a Wood, Marion. 
245 1 0 |a Spirits, heroes & hunters from North American Indian mythology /  |c text by Marion Wood ; illustrations by John Sibbick. 
250 |a 1st American ed. 
263 |a 8205 
264 1 |a New York :  |b Schocken Books,  |c 1982 
264 4 |c ©1981 
300 |a 132 pages :  |b illustrations (some color) ;  |c 28 cm. 
336 |a text  |b txt  |2 rdacontent 
337 |a unmediated  |b n  |2 rdamedia 
338 |a volume  |b nc  |2 rdacarrier 
490 1 |a World mythologies series 
500 |a Includes index. 
520 |a A collection of American Indian myths and legends illustrating the customs and values of the traditional Indian way of life. 
650 0 |a Indians of North America  |v Folklore. 
650 0 |a Indians of North America  |x Religion. 
700 1 |a Sibbick, John. 
830 0 |a World mythologies series. 
999 |a MARS 
999 f f |s e81dc989-1662-3416-ac30-485b2b8ea571  |i 22849995-c0fe-3d1a-a15f-4413b80a68b4  |t 0 
952 f f |p ric  |a Texas A&M University  |b Rellis Campus  |c Joint Library Facility  |d Remote Storage  |t 0  |e E98 F6 W83 1982  |h Library of Congress classification  |i unmediated -- volume  |m A14805921787 
998 f f |a E98 F6 W83 1982  |t 0  |l Remote Storage